Statistics for Billy Joel Lyrics Quiz (Part 17)

Click here to take the quiz!

General Stats

  • This quiz has been taken 20 times
  • The average score is 144 of 267

Answer Stats

Answer% Correct
a
93%
the
93%
The
93%
In
80%
in
80%
it
80%
For
73%
for
73%
he
73%
when
73%
And
67%
and
67%
never
67%
of
67%
time
67%
to
67%
had
60%
him
60%
their
60%
always
53%
But
53%
by
53%
did
53%
his
53%
Long
53%
tell
53%
that
53%
up
53%
what
53%
as
47%
down
47%
from
47%
From
47%
hand
47%
town
47%
Well
47%
well
47%
age
40%
alone,
40%
bank
40%
Billy
40%
boy
40%
Colorado
40%
Colt
40%
East
40%
found
40%
Grande
40%
heavy,
40%
hid
40%
home
40%
Island
40%
Kid
40%
knew
40%
known
40%
life
40%
many
40%
name
40%
pocket
40%
posse
40%
put
40%
Rio
40%
rode
40%
Rode
40%
said
40%
shame
40%
six-gun
40%
size
40%
spread
40%
started
40%
string
40%
surprise
40%
sweetheart
40%
teller
40%
Tho'
40%
took
40%
traveled
40%
vest
40%
Virginia
40%
way
40%
West
40%
west
40%
Wheeling
40%
with
40%
word
40%
bears
33%
came
33%
captured
33%
cold
33%
couldn't
33%
cowboys
33%
crime
33%
daring
33%
day
33%
finally
33%
grave
33%
guns
33%
hangin'
33%
judge
33%
just
33%
kin
33%
legend
33%
made
33%
Oklahoma
33%
older
33%
One
33%
ranchers
33%
robbed
33%
served
33%
six-pack
33%
soon
33%
track
33%
Underneath
33%
Utah
33%
watch
33%
Yes
33%
boothill
27%
'Bout
27%
folks
27%
law
27%
Like
27%
loved
27%
Oysterbay,
27%
pouring
27%
sea
27%
seem
27%

Score Distribution

Percentile by Number Answered

Percent of People with Each Score

Your Score History

You have not taken this quiz